Zgadnij Państwo Europy z wskazówkami - Statystyki

Ogólne statystyki
  • Ten quiz został rozwiązany 39 razy
  • Średni wynik to 13 z 15
Statystyki odpowiedzi
Hint Odpowiedź % Poprawnych
Stolicą jest Madryt Hiszpania
100%
Jednym z części tego kraju jest województwo zachodniopomorskie Polska
100%
Największe na świecie Rosja
100%
Jednym z miast jest Charków Ukraina
100%
Jedyne państwo na E w Europie Estonia
97%
Najlepsza Liga piłkarska tego kraju to Bundesliga Niemcy
97%
Najmniejsze na świecie Watykan
97%
Graniczy tylko z Irlandią Wielka Brytania
97%
Pochodzi z tamtąd bajka Krecik Czechy
94%
Stolicą jest Prisztina Kosowo
94%
Ma w swoim terytorium 2 enklawy Włochy
84%
To państwo uważa się za kolebkę europejskiej cywilizacji Grecja
81%
Jego kolonią był niegdyś Mozambik Portugalia
77%
Jest podzielone na kantony Szwajcaria
77%
Dawniej nosiło nazwę Zakon Świętego Jana Malta
55%
Nie znaleziono quizów pasujących do podanych kryteriów
Rozkład punktacji
Procent ludzi z każdym wynikiem
Percentyl według liczby udzielonych odpowiedzi
Twoja historia wyników
Nie rozwiązałeś tego quizu